Municipios de la provincia de Albacete (Mapa) - Statistics

General Stats
  • This quiz has been taken 167 times
  • The average score is 43 of 87
Answers on the Map
Answers color-coded by a green-red scale on the quiz's map according to % correct below.
 
Answer Stats
Comarca Población Respuesta % Correct
Los Llanos 172 357 Albacete
98%
Campos de Hellín 30592 Hellín
90%
Monte Ibérico - Corredor de Almansa 24566 Almansa
86%
Mancha Júcar - Centro 15868 La Roda
80%
Mancha Júcar - Centro 25989 Villarrobledo
80%
Monte Ibérico - Corredor de Almansa 4213 Chinchilla de Monte-Aragón
73%
Monte Ibérico - Corredor de Almansa 10010 Caudete
68%
La Manchuela 1843 Fuentealbilla
67%
Campos de Hellín 7973 Tobarra
67%
La Manchuela 44558 Casas-Ibáñez
64%
Sierra de Alcaraz y Campo de Montiel 1351 Alcaraz
63%
Sierra de Segura 1448 Riópar
63%
Sierra de Segura 987 Letur
62%
La Manchuela 1202 Alcalá del Júcar
61%
Sierra de Segura 3761 Elche de la Sierra
60%
Monte Ibérico - Corredor de Almansa 1103 Bonete
58%
Sierra de Segura 1362 Nerpio
58%
Sierra de Segura 2869 Yeste
58%
Sierra de Alcaraz y Campo de Montiel 3435 Munera
57%
Sierra de Alcaraz y Campo de Montiel 2307 Ossa de Montiel
57%
Sierra de Segura 717 Ayna
56%
Mancha Júcar - Centro 2532 La Gineta
56%
Mancha Júcar - Centro 1915 Barrax
55%
La Manchuela 628 Casas de Ves
55%
Monte Ibérico - Corredor de Almansa 2290 Alpera
54%
La Manchuela 521 Carcelén
54%
Sierra de Segura 1321 Liétor
54%
Sierra de Alcaraz y Campo de Montiel 2334 Balazote
52%
La Manchuela 1291 Casas de Juan Núñez
51%
Monte Ibérico - Corredor de Almansa 2800 Pozo Cañada
51%
Campos de Hellín 2591 Fuente-Álamo
50%
Monte Ibérico - Corredor de Almansa 2057 Montealegre del Castillo
50%
Campos de Hellín 2141 Ontur
50%
La Manchuela 136 Balsa de Ves
49%
Sierra de Alcaraz y Campo de Montiel 2779 El Bonillo
49%
Mancha Júcar - Centro 1564 Minaya
49%
Sierra de Segura 917 Molinicos
49%
Sierra de Alcaraz y Campo de Montiel 1585 Pozohondo
49%
Monte Ibérico - Corredor de Almansa 1196 Higueruela
48%
La Manchuela 59 Villa de Ves
48%
La Manchuela 555 Alatoz
46%
La Manchuela 378 Jorquera
46%
Sierra de Alcaraz y Campo de Montiel 1242 San Pedro
46%
Mancha Júcar - Centro 6543 Tarazona de la Mancha
46%
Monte Ibérico - Corredor de Almansa 351 Corral-Rubio
45%
Mancha Júcar - Centro 327 Fuensanta
45%
Monte Ibérico - Corredor de Almansa 643 Hoya-Gonzalo
45%
Sierra de Alcaraz y Campo de Montiel 1358 Lezuza
45%
La Manchuela 4647 Madrigueras
45%
Sierra de Alcaraz y Campo de Montiel 1399 Peñas de San Pedro
45%
Campos de Hellín 744 Albatana
44%
Sierra de Segura 705 Férez
44%
Monte Ibérico - Corredor de Almansa 719 Pétrola
44%
La Manchuela 414 Pozo-Lorente
44%
Sierra de Alcaraz y Campo de Montiel 480 Salobre
44%
Sierra de Segura 1832 Socovos
44%
La Manchuela 4124 Villamalea
44%
La Manchuela 1360 Mahora
43%
Sierra de Segura 947 Bogarra
42%
Sierra de Segura 378 Paterna del Madera
42%
La Manchuela 748 Abengibre
40%
Sierra de Alcaraz y Campo de Montiel 654 Alcadozo
40%
Sierra de Alcaraz y Campo de Montiel 603 Bienservida
40%
Sierra de Alcaraz y Campo de Montiel 123 Cotillas
40%
Mancha Júcar - Centro 108 Montalvos
40%
La Manchuela 1958 Valdeganga
40%
La Manchuela 697 Alborea
39%
La Manchuela 110 Golosalvo
39%
Sierra de Alcaraz y Campo de Montiel 481 Pozuelo
39%
Sierra de Alcaraz y Campo de Montiel 367 Robledo
39%
Sierra de Alcaraz y Campo de Montiel 346 Vianos
39%
Sierra de Alcaraz y Campo de Montiel 583 Villapalacios
39%
La Manchuela 107 Villatoya
39%
Sierra de Alcaraz y Campo de Montiel 363 Casas de Lázaro
38%
La Manchuela 1192 Cenizate
38%
Sierra de Alcaraz y Campo de Montiel 110 Masegoso
38%
Mancha Júcar - Centro 1147 Villalgordo del Júcar
38%
Sierra de Alcaraz y Campo de Montiel 405 El Ballestero
37%
La Manchuela 260 La Recueja
37%
La Manchuela 549 Motilleja
37%
Sierra de Alcaraz y Campo de Montiel 326 La Herrera
36%
La Manchuela 219 Villavaliente
36%
La Manchuela 523 Navas de Jorquera
35%
Sierra de Alcaraz y Campo de Montiel 334 Peñascosa
35%
Sierra de Alcaraz y Campo de Montiel 338 Villaverde de Guadalimar
35%
Sierra de Alcaraz y Campo de Montiel 337 Viveros
33%
Sierra de Alcaraz y Campo de Montiel 430 Povedilla
32%
No matching quizzes found
Score Distribution
Percent of People with Each Score
Percentile by Number Answered
Your Score History
You have not taken this quiz